000 00577nam a22001691 4500
001 114548
003 ES-MaACL
007 t|
008 070308s1908 sp ||||0| spa d
016 7 _zIND9600733547
040 _aM-BN
_bspa
_cCDM
100 1 _aQuereda y Aparisi, José.
_994530
245 1 3 _aEl problema social
_b: discurso escrito para los ejercicios del grado de Doctor en la Facultad de Derecho /
_cpor el Licenciado José Quereda y Aparisi.
260 _aMadrid :
_bHijos de M.G. Hernández,
_c1908.
300 _a39 p. ;
_c24 cm.
852 _aES-MaACL
_jT-164-F-11
999 _c114548
_d114548